Tenencia de la tierra y desarrollo socio-económico del sector agrícola
Uloženo v:
| Médium: | Kniha |
|---|---|
| Jazyk: | španělština |
| Vydáno: |
Santiago
CIDA
1966
|
| Témata: | |
| Tagy: |
Přidat tag
Žádné tagy, Buďte první, kdo vytvoří štítek k tomuto záznamu!
|
MARC
| LEADER | 00000nam a2200000 a 4500 | ||
|---|---|---|---|
| 001 | UCP7672 | ||
| 003 | CL-VaPUC | ||
| 008 | 991217e19660000CL |||||||||||||||||spa|d | ||
| 082 | 0 | 4 | |a 333.3 |b TEN |2 21 |
| 245 | 1 | 0 | |a Tenencia de la tierra y desarrollo socio-económico del sector agrícola |
| 300 | |a 405 p | ||
| 942 | |c BK | ||
| 945 | |d 19991217 00:00:00 |a crobeson | ||
| 260 | |a Santiago |b CIDA |c 1966 | ||
| 650 | 7 | |a TENENCIA DE LA TIERRA |2 CL-VaPUC |9 264417 | |
| 650 | 7 | |a TENENCIA AGRICOLA |2 CL-VaPUC |9 437244 | |
| 650 | 0 | |a Tierras agrícolas |9 404463 | |
| 650 | 0 | |a Desarrollo económico y social |9 256320 | |
| 650 | 7 | |a SECTOR AGRICOLA |2 CL-VaPUC |9 357761 | |
| 583 | |a last modification |c 19991217 00:00:00 |k Rodrigo Vera | ||
| 999 | |c 284789 |d 284787 | ||
| 952 | |0 0 |1 0 |4 0 |6 333_300000000000000_TEN_1966 |7 0 |8 A |9 329022 |a BIBHIS |b BIBHIS |d 2019-11-20 |i 1373609 |o 333.3 TEN 1966 |p 1373609 |r 2025-01-20 |w 2019-11-20 |y BK |k HIS | ||